000 00508nam a22001577a 4500
008 160307b xxu||||| |||| 00| 0 eng d
020 _a9789783358609
082 _a708
_bV136w
100 _aValansi, Gabriel
_94849
245 _aGabriel Valansi Work 1999-2012
260 _aBuenos Aires :
_b[Gabriel Valansi],
_c2014
300 _a227 p. ;
_bill. (col.) ;
_c25 cm.
600 _aValansi, Gabriel
_xExhibiciones
_y1999-2012
_94850
650 _aArte Moderno
_zArgentina
_94824
650 _aInstalaciones (Arte)
_93724
999 _c883
_d883